000 00361nam a2200157Ia 4500
003 OSt
005 20240216164742.0
008 170524s9999 xx 000 0 und d
020 _a978-0071126519
040 _cIIMT UNIVERSITY MEERUT
100 _aJolly William L
245 0 _aModern Inorganic Chemistry
260 _bTMH
260 _c2007
942 _2ddc
_c02
999 _c4641
_d4641